| 000 | 011340000a22003250004500 | ||
|---|---|---|---|
| 003 | EG-GiCUC | ||
| 008 | 790925c19749999ja bx b 0 a0eng d | ||
| 010 | _a 92644947 | ||
| 040 |
_aEG-GiCUC _beng _cEG-GiCUC |
||
| 043 | _aa-ja--- | ||
| 050 | 0 | 0 |
_aZ3306 _b.I57 _aDS806 |
| 092 | 0 | 4 |
_a952.0016 _bI61995 _221 |
| 099 |
_a04 _a952.0016 I61995 |
||
| 245 | 0 | 3 | _aAn Introductory bibliography for Japanese studies. |
| 260 |
_aTokyo : _bJapan Foundation, _c1974- |
||
| 300 |
_av. ; _c24 cm. |
||
| 310 | _aIrregular | ||
| 362 | 0 | _aVol. 1, pt. 1- | |
| 500 | _aVol. 1, pt. 1, published in 1974, has a particular emphasis on items appearing since 1970. | ||
| 580 | _aContinues the information in: Kokusai Bunka Shinko{u00A4}_kai. K.B.S. bibliography of standard reference books for Japanese studies, with descriptive notes. | ||
| 590 | _aLib. has v.13 pt.2(humanties) | ||
| 651 | 0 |
_aJapan _xBibliography _vPeriodicals. |
|
| 710 | 2 | _aKokusai Koryu Kikin. | |
| 710 | 2 | _aToho Gakkai. | |
| 902 | _a1 | ||
| 905 |
_aEman _eRev. |
||
| 905 |
_aRadwa _eCat |
||
| 942 |
_2ddc _cBK |
||
| 999 |
_c113627 _d113627 |
||